INTRODUCCION A LA ECONOMIA (Registro nro. 21686)
[ vista simple ]
| 000 -LEADER | |
|---|---|
| fixed length control field | 00491nam a2200193 a 4500 |
| 001 - CONTROL NUMBER | |
| control field | 21686 |
| 005 - DATE AND TIME OF LATEST TRANSACTION | |
| control field | 20180713215454.0 |
| 008 - FIXED-LENGTH DATA ELEMENTS--GENERAL INFORMATION | |
| fixed length control field | 140415s1966 mx 000 0 spa d |
| 041 ## - LANGUAGE CODE | |
| Language code of text/sound track or separate title | spa |
| 082 ## - DEWEY DECIMAL CLASSIFICATION NUMBER | |
| Classification number | 330 |
| Item number | BIR |
| 100 1# - MAIN ENTRY--PERSONAL NAME | |
| Personal name | BIRMINGHAM, WALTER |
| 245 10 - TITLE STATEMENT | |
| Title | INTRODUCCION A LA ECONOMIA |
| 250 ## - EDITION STATEMENT | |
| Edition statement | 3a ed. |
| 260 ## - PUBLICATION, DISTRIBUTION, ETC. | |
| Place of publication, distribution, etc. | MEXICO : |
| Name of publisher, distributor, etc. | SIGLO XXI EDITORES, |
| Date of publication, distribution, etc. | 1966 |
| 300 ## - PHYSICAL DESCRIPTION | |
| Extent | 133 |
| 490 ## - SERIES STATEMENT | |
| Series statement | MINIMA |
| Volume/sequential designation | 2 |
| 650 14 - SUBJECT ADDED ENTRY--TOPICAL TERM | |
| Topical term or geographic name entry element | ECONOMIA |
| 700 1# - ADDED ENTRY--PERSONAL NAME | |
| Personal name | CHAVEZ DE YAÑEZ, ARMIDA |
| Relator term | tr. |
| Withdrawn status | Lost status | Source of classification or shelving scheme | Damaged status | Not for loan | Collection code | Home library | Current library | Shelving location | Date acquired | Source of acquisition | Inventory number | Total Checkouts | Full call number | Barcode | Date last seen | Date last checked out | Price effective from | Koha item type |
|---|---|---|---|---|---|---|---|---|---|---|---|---|---|---|---|---|---|---|
| Dewey Decimal Classification | General | Biblioteca Karol Wojtyla | Biblioteca Karol Wojtyla | Sala general | 03/12/2013 | Compra | 151000000000000000018616 | 330 BIR | 42049 | 05/01/2026 | 06/06/2018 | 03/12/2013 | Libro |